| 000 | 01416nmm a2200337 a 4500 | ||
|---|---|---|---|
| 001 | ocm0001917357 | ||
| 003 | TR-IsHL | ||
| 005 | 20201028173208.0 | ||
| 008 | 180909s2018 tu tur | ||
| 007 | cr cn | ||
| 020 | _a9789752475489 | ||
| 035 |
_a1917357 _b(N$T) |
||
| 050 | 0 | 4 |
_aQ183.4.T9 _bM47 2018 |
| 090 | 0 | 4 |
_aQ183.4.T9 _bM47 2018 |
| 245 | 1 | 0 |
_aMerhaba STEM: yenilikçi bir öğretim yaklaşımı _h[electronic resource] / _ceditörler Dr. Kamil Arif Kırkıç, Dr. Emin Aydın ; Yazarlar Dr. Elif Esra Arıkan, Dr. Emin Aydın, Dr. Fatma Yaşar Ekici, Dr. Kamil Arif Kırkçı, Dr. Mustafa Sami Topçu, Dr. Nüket Afat, Aysel Gökçe, Ayşe Perihan Kırkıç, Gökhan Derin, Kayahan Ince, Mohammad Yousef Zadeh, Muhammet Emin Mısır, Musa Bardak, Şevki Yetkin Odabaşı |
| 260 |
_aKonya : _bEğitim Yayınevi, _c2018 |
||
| 300 | _a133 p. | ||
| 500 |
_aKaynakça var. _x |
||
| 650 | 4 | _aEğitim | |
| 650 | 4 | _aEducation | |
| 650 | 0 | _aSTEM Education | |
| 650 | 0 | _aSTEM Eğitimi | |
| 650 | 0 |
_aTechnology _x Study and teaching |
|
| 650 | 0 |
_aTeknoloji _x Öğrenim ve öğretim |
|
| 650 | 0 |
_aScience _x Study and teaching |
|
| 650 | 0 |
_aFen bilimleri _xÖğretim |
|
| 650 | 7 |
_aSCIENCE / Study & Teaching _2bisacsh |
|
| 700 | 1 | _aKırkıç, Kamil Arif | |
| 700 | 1 | _aAydın, Emin | |
| 856 | 4 | 0 | _uhttp://search.ebscohost.com/login.aspx?direct=true&scope=site&db=e011xww&AN=1917357 |
| 999 |
_c17578 _d17578 |
||